| 000 | 00813nam a2200277 a 4500 | ||
|---|---|---|---|
| 001 | 67441 | ||
| 003 | BD-RjUL | ||
| 005 | 20211209081645.0 | ||
| 008 | 170325s2005 enka b 001 0 eng d | ||
| 020 | _a1405105321 | ||
| 020 | _a9781405105323 | ||
| 035 | _a(BD-RjUL)67572 | ||
| 040 |
_aBD-RjUL _beng _cBD-RjUL _dBD-RjUL |
||
| 041 | _aeng | ||
| 082 |
_223 _a639.8 _bPIA 2005 |
||
| 100 | 1 |
_aPillay, T. V. R. _987633 |
|
| 245 | 1 | 0 |
_aAquaculture : _bprinciples and practices / _cThundathil V R Pillay and M N Kutty |
| 250 | _a2nd ed. | ||
| 260 |
_aOxford : _bBlackwell, _c2005. |
||
| 300 |
_axvi, 624 p. : _bill. ; _c26 cm. |
||
| 500 | _aPrevious ed.: 1990. | ||
| 504 | _aIncludes bibliographical references and index. | ||
| 650 | 0 |
_aAquaculture. _9199842 |
|
| 700 | 1 |
_aKutty, M. N. _9199843 |
|
| 942 |
_2ddc _cBK |
||
| 999 |
_c67441 _d67441 |
||